LIBRARY & INFORMATION CENTRE, KCAET, TAVANUR

ONLINE PUBLIC ACCESS CATALOGUE (OPAC)

Society and Man / (Record no. 3772)

MARC details
000 -LEADER
fixed length control field 00314cam a2200121ua 4500
082 ## - DEWEY DECIMAL CLASSIFICATION NUMBER
Classification number 300
Item number WEI/SO
100 ## - MAIN ENTRY--AUTHOR NAME
Personal name Weinberg, Meyer .
100 ## - MAIN ENTRY--AUTHOR NAME
Personal name Shabat, Oscar E .
245 ## - TITLE STATEMENT
Title Society and Man /
260 ## - PUBLICATION, DISTRIBUTION, ETC. (IMPRINT)
Place of publication New Delhi :
Name of publisher Prentice Hall of India Pvt Ltd. ,
Year of publication 1956.
300 ## - PHYSICAL DESCRIPTION
Number of Pages 762 ; .
942 ## - ADDED ENTRY ELEMENTS (KOHA)
Koha item type Reference
Holdings
Withdrawn status Lost status Damaged status Collection code Home library Current library Shelving location Date acquired Full call number Accession Number Koha item type
Withdrawn     Reference KAUAET Malayalam University Reference 07/04/2012 300.WEI/SO 579 Reference
free website counter